000 00365nam a22001457a 4500
003 OSt
005 20160727222343.0
008 160620b xxu||||| |||| 00| 0 eng d
040 _cTEST
100 _9154
_aRai, K
245 _aLearning Physics A Morden Way
260 _aN.D
_b Frank Bross & Comp.
_c1993
300 _aLearning Physics A Morden Way
942 _2ddc
_cBK
999 _c125
_d125